| 000 | 00000nas 2200000za 4500 |
| 001 | 9.863828 |
| 003 | CaOODSP |
| 005 | 20251021142246 |
| 007 | cr ||||||||||| |
| 008 | 181029c20189999oncar p o f0 b0fre|d |
| 040 | |aCaOODSP|bfre |
| 043 | |an-cn--- |
| 086 | 1 |aF71-7F-PDF |
| 245 | 00|aRapport sur l'application de la Loi sur la protection des renseignements, rapport annuel de ... |h[ressource électronique]. |
| 246 | 33|aMonnaie royale canadienne, Loi sur la protection des renseignements personnels, rapport annuel de .. .au Parlement |
| 260 | |a[Ottawa] : |bMonnaie royale canadienne, |c[2018]- |
| 310 | |aAnnuel |
| 362 | 1 |aParaît depuis 2017/2018. |
| 500 | |aPubl. aussi en anglais sous le titre : Report on the administration of the Privacy Act, ... annual report. |
| 520 | |a«Le présent rapport annuel rend compte de l’administration, par la Monnaie royale canadienne, de la Loi sur la protection des renseignements personnels pendant la période allant [...]. Le rapport annuel est préparé et déposé au Parlement conformément à l’article 72 de cette Loi» - Introd., 2017/2018. |
| 692 | 07|2gccst|aVie privée |
| 692 | 07|2gccst|aMonnaie |
| 710 | 1 |aCanada.|bMonnaie royale canadienne. |
| 775 | 08|tReport on the administration of the Privacy Act, ... annual report |w(CaOODSP)9.863826 |